000 00681nam a2200205 4500
001 100037
003 ES-SlBCS
005 20210327224015.0
008 140219s1971 fr w 00001 spa o
040 _aUAM.E
_dES-SlBCS
100 1 _aCalvez, Jean-Yves
_93655
245 1 0 _aAspects politiques et sociaux des pays en voie de développement
_cpar Jean Yves Calvez
260 _aParis :
_bDalloz
_c, 1971
300 _a198 p. ;
_c22 cm
490 0 _aEtudes Politiques Economiques et Sociaux
504 0 0 _aBibliografía - Indices
651 4 _aPaíses en Desarrollo
_xSituación económica
_991780
651 4 _aPaíses en Desarrollo
_xSituación social
_991079
942 _2lcc
_cBK
999 _c452095
_d452095